MDQL
is popping MORE tags! Check the
thread
!
Quizzes
Events
Quiz Creation
Community
Videos
Private Events
Remove Ads
Sign In
Join for FREE
Feedback
Dark Mode
Quiz Categories
Sports
Geography
Music
Movies
Television
Just For Fun
Miscellaneous
History
Literature
Language
Science
Gaming
Entertainment
Religion
Holiday
For Kids
Quiz Lab
Recent
Popular Today
Quiz Kudos Today
Editor Picks
Curator Picks
Quizzes by...
Day
Popularity
Type
Ratings
Length
Year
Community
Subscriptions
Recent Discussions
Orange Saloon
Badges
Playlists
Quests
Create
Leaderboards
Showdown
Live 5
Trivia Bingo
Activity
Puzzle Library
Sporcle Events
Private Events
Virtual Trivia
Globe League
Become a Host
Pub Owners
SporcleCon
Opinionation
Our Games
Videos
Blog
Mobile Apps
Partnerships
Remove Ads and Go Orange
Feedback
Television
TV Characters
TV Show
Sitcom
Network
Friends
Reality Shows
Cast
South Park
Star Trek
The Simpsons
Doctor Who
Television
TV Characters
TV Show
Sitcom
Network
Friends
Reality Shows
Cast
South Park
Star Trek
The Simpsons
Doctor Who
Random Quiz
Search Sporcle
×
Quiz Lab
Quiz Lab
Television
Anime
Type in answers that appear in a list
Type in answers that appear in a list
Classic
Best Score? Go Orange.
Hunter X Hunter Characters Stats
Can you name the Hunter X Hunter Character by its description?
By
shippudennumba1
7m
38 Questions
2,442 Plays
2,442 Plays
2,442 Plays
Comments
Comments
Give Quiz Kudos
Give Quiz Kudos
-
- Ratings
hide this ad
Forced Order
Answers have to be entered in order
Answers have to be entered in order
Replay
Link that replays current quiz
Next Quiz
Link to next quiz in quiz playlist
You Got
0%
They Got
Avg Score
66%
Avg Friend Score
Upgrade to see
Score Distribution
Jump to the score distribution portion of the page
Score
0/38
Timer
07:00
0
Plays Today
Hint
Answer
% Correct
Gon's best friend
Killua Zoldyck
97.9%
The leader of the Phantom Troupe
Chrollo Lucifer
95.1%
Son of Ging
Gon Freecs
92.1%
Bungee gum
Hisoka
91.2%
Father of Gon
Ging Freecs
90.3%
Last survivor of the Kurta clan
Kurapika
90.2%
Is a medical student, rookie hunter
Leorio Paradinight
86.6%
Eldest child of the Zoldyck family
Illumi Zoldyck
84.7%
The King of Chimera Ants
Meruem
82.1%
Looks much younger than her actual age
Biscuit Krueger
80.1%
Phantom troupe member killed by Kurapika
Uvogin
79.6%
The 12th Chairman
Isaac Netero
77.3%
Nen stitches and threads
Machi
74.6%
Only member of Phantom troupe thats a Zoldyck
Kalluto Zoldyck
72.1%
He has a giant smoking pipe
Morel
71.9%
Snotty Gungi champion
Komugi
71.3%
Phantom troupe member who uses a sword
Nobunaga
70.4%
Went out on a date with Gon
Palm Siberia
69.2%
Cat looking chimera ant
Neferpitou
69.1%
Hint
Answer
% Correct
Morel's apprentice
Knuckle Bine
68.8%
Can conjure mad clown
Kite
67.3%
Manipulator who uses a phone
Shalnark
66.3%
Has a vacuum called: Binky
Shizuku
61.4%
Able to manipulate bees
Ponzu
61.3%
He's trained in the arts of ninjutsu
Hanzo
60.5%
Can transmute aura into arrows
Pokkle
56.7%
His nen ability is Hotel Rafflesia
Shoot Mcmahon
55.4%
Wears a Pharaoh outfit
Phinks
55.1%
She is a single star gourmet hunter
Menchi
51.7%
Has super hearing
Melody
50.3%
Weakest member of the Phantom troupe
Kortopi
50%
Self proclaimed chimera ant queen
Zazan
49.4%
Used to live as a child called Kurt
Colt
49.2%
Can conjure pain packer
Feitan
46.1%
Able to teleport
Knov
46%
A specialist who uses guns
Pakunoda
43.3%
Battle Cantabile: Prologue
Bonolenov
28.5%
A jackpot hunter who entered Greed Island
Goreinu
15.9%
Quiz Playlist
Details
Report
Send in Message
Add To Playlist
Classic:
Type in answers that appear in a list
Forced Order:
Answers have to be entered in order
Last Updated: Feb 16, 2017
Quiz Scoreboard
CHALLENGE
Sign Up to Join the Scoreboard
Show All
Scores
Hide
Comments
May contain spoilers
Recently Published
Colored Red Africa Blitz
by spor1
Geography
30s
Find the 'City' Movie
by crazypaving
Movies
60s
5x2 Blitz: Bands
by SL_Kpop136
Music
30s
More to Explore
Quiz From the Vault
Featured Blog Post
14 Easter Pick-up Lines to Find Eggs With
hide this ad
You Might Also Like...
Tags
Anime Quiz
Hunter
Japan
Manga
ninja
Today's Top Quizzes in Television
Browse Television
hide this ad
Today's Top Quizzes in Anime
Browse Anime
Top Contributed Quizzes in Television
1
Survivor Journey Challenge
2
Survivor Logic Puzzle: Heroes vs. Villains
3
One Tree Hill Logic Puzzle
4
Phoebe Buffay Quotes
5
Game of Thrones: Tywin Lannister Start to Finish
6
Brooklyn Nine Nine Logic Puzzle (How-To-Play)
7
A Series of Unfortunate Events: Netflix Character Chain
8
All US Survivor Seasons in Order
9
Survivor: Criteria Castaways
10
A Series of Unfortunate Events: S3 Character Chain
Explore More
Trending Topics
Disney
Anime
Kpop
Marvel
Crossword
NBA
Harry Potter
The Office
WWE
Song
Soccer
NFL
Country
Pokémon
Puzzle
hide this ad
More By:
shippudennumba1
Quiz
Plays
Rating
Category
Featured
Created
The Vampire Diaries Name Chain Reaction
6,735
3.00
Television
Jan 24, 2015
Favorite TV Shows by Cast
4,386
1.84
Television
Sep 5, 2015
Fairy Tail characters
4,006
4.00
Entertainment
Nov 24, 2013
Guess the Naruto Character
2,497
Entertainment
Aug 24, 2013
Hunter X Hunter Characters
2,442
4.67
Television
Apr 9, 2015
Go to Creator's Profile
Score Distribution
Quiz Creator Spotlight
shippudennumba1
Follow
Send a Message
Quizzes Created
-
Created Quiz Play Count
-
More By This Creator
Popular Quizzes Today
1
Find the 'City' Movie
2
5x2 Blitz: Bands
3
Colored Red Africa Blitz
4
Find the US States - No Outlines Minefield
5
The Countries of the World
6
Find the US States
7
9x9 Crossword: Cartoon Network
8
US States
More Television Quizzes
Breaking Bad Episodes By Image
Quiz Lab
Trending Quizzes
Colored Red Europe Blitz I
Colored Red Africa Blitz II
Colored Red Europe Blitz III
Colored Red Europe Blitz II
Colored Red Africa Blitz III
Recently Updated
Champions League XIs: Real Madrid
pecheneg
Largest US Cities 1790-2010
pecheneg
Rides in Walt Disney World
pecheneg
Most Oscar Losses (Acting)
pecheneg
Beyoncé Albums
pecheneg
Leaping Animals
pecheneg
Reality TV Shows (A-Z)
bhenderson79
Rickey Henderson's Hall of Fame Teammates
pecheneg
Champions League XIs: Arsenal
pecheneg
Quick Pick: Celebrities in WWE's Hall of Fame
aduchscher
Trending Topics
Anime
Crossword
Disney
Harry Potter
Kpop
NBA
Marvel
Country
Soccer
The Office
WWE
Song
NFL
Puzzle
Pokémon
Your Account Isn't Verified!
In order to create a playlist on Sporcle, you need to verify the email address you used during registration. Go to your
Sporcle Settings
to finish the process.
Report this User
Report this user for behavior that violates our
Community Guidelines
.
Details:
Send Report
Go to the Sporcle.com Mobile Site →
Comments